000 00257nam a2200085Ia 4500
245 0 _aThe Lord of the rings : Gollum : how we made movie magic
100 _a SERKIS, Andy London, 2003
_963857
942 _cBK
008 210818s9999 xx 000 0 und d
999 _c450037
_d450036